000 00526nam a2200181Ia 4500
008 240729s9999 xx 000 0 und d
022 _a2090-665X
245 0 _aCase Reports in Nephrology
260 _aUnited Kingdom
260 _bHindawi Limited
650 _a Diseases of the genitourinary system. Urology
650 _a Internal medicine
650 _a Specialties of internal medicine
650 _aMedicine
856 _uhttps://doaj.org/toc/54865c82469643f4bb1439713d299f67
942 _2ddc
942 _cDOAJEJ
999 _c71669
_d71669
945 _a1
_bMadushi Gamage
_c1
_dMadushi Gamage